Statistics for Painters in Chronological Order

Click here to take the quiz!

General Stats

  • This quiz has been taken 216 times
  • The average score is 11 of 20

Answer Stats

Hint Answer % Correct
1928Andy Warhol
79%
1912Jackson Pollock
68%
1452Leonardo Da Vinci
67%
1881Pablo Picasso
66%
1907Frida Kahlo
66%
1840Claude Monet
62%
1904Salvador Dali
62%
1483Raphael
59%
1445Sandro Botticelli
55%
1853Vincent Van Gogh
55%
1887Georgia O'Keefe
54%
1632Jan Vermeer
53%
1284Simone Martini
53%
1606Rembrandt
52%
1390Jan Van Eyck
51%
1541El Greco
47%
1571Caravaggio
47%
1577Peter Paul Rubens
45%
1746Francisco De Goya
44%
1776John Constable
42%

Score Distribution

Percentile by Number Answered

Percent of People with Each Score

Your Score History

You have not taken this quiz